Celebrity Guests on Sesame Street - By Picture - Statistics

General Stats
  • This quiz has been taken 124 times
  • The average score is 14 of 24
Answer Stats
Picture Answer % Correct
Michelle Obama
87%
Jack Black
86%
Whoopi Goldberg
85%
Katy Perry
82%
Adam Sandler
73%
Jim Carrey
73%
Robin Williams
71%
Beyonce
66%
David Beckham
66%
Ray Charles
65%
Stevie Wonder
65%
Sarah Jessica Parker
62%
Jennifer Garner
55%
Martha Stewart
54%
Johnny Cash
53%
Anna Kendrick
49%
Kareem Abdul-Jabbar
46%
Chance the Rapper
43%
Jessica Alba
41%
Lin-Manuel Miranda
41%
Peter Dinklage
41%
Gloria Estefan
33%
Mindy Kaling
33%
Danny DeVito
27%
No matching quizzes found
Score Distribution
Percent of People with Each Score
Percentile by Number Answered
Your Score History
You have not taken this quiz